| 000 | 00485nam a22001457a 4500 | ||
|---|---|---|---|
| 082 | _a621.3 | ||
| 100 | _aArshad, Bilal | ||
| 245 |
_aSpectrum Sensing in Cooperative Networks using Relay Forwarding Techniques / _cBilal Arshad |
||
| 260 |
_aIslamabad : _bMCS - NUST, _c2017. |
||
| 300 |
_a77 p. ; _c30cm. |
||
| 650 |
_aElectrical(Telecom) Engineering-MS-Thesis _935375 |
||
| 700 |
_aDr. Imran Rashid _935026 |
||
| 942 |
_2ddc _cTHE |
||
| 999 |
_c541047 _d541047 |
||